Statistiques concernant Liste des pays occupés / conquis par la France et l'Angleterre

Cliquez ici pour prendre le quiz!

Statistiques générales

  • Ce quiz a été pris 57 fois
  • Le résultat moyen est 8 sur 17

Statistiques - réponses

HintRéponse% Correct
AmeriqueÉtats-Unis
88%
ameriqueCanada
80%
AsieInde
78%
AsieChine
69%
Europe | AsieRussie
61%
AfriqueAlgérie.
59%
EuropeAllemagne
57%
Europe | AsieTurquie
55%
AfriqueÉgypte
51%
EuropeItalie
45%
AsieIndonésie
37%
AsieLiban
31%
AfriqueTunisie
29%
AfriqueLibye
25%
EuropeGrèce
24%
AsieIsraël
22%
EuropeAutriche
20%

Distribution des résultats

Percentile par nombre de réponses

% des personnes avec chaque résultat

Votre développement - résultats

Vous n’avez pas pris ce quiz